Kỹ thuật nuôi thuỷ đặc sản nước ngọt

Quyển sách giới thiệu đặc điểm sinh học và kỹ thuật nuôi một số loài thủy sản đang có thị trường lớn trong và ngoài nước như: cá Rô phi, cá chình nước ngọt, cá tai tượng, cá lăng vàng,...

Uloženo v:
Podrobná bibliografie
Hlavní autor: Ngô, Trọng Lư
Médium: Kniha
Jazyk:Undetermined
Vydáno: Hà Nội Nông nghiệp 2008
Témata:
Tagy: Přidat tag
Žádné tagy, Buďte první, kdo otaguje tento záznam!
Thư viện lưu trữ: Trung tâm Học liệu Trường Đại học Cần Thơ
LEADER 00910nam a2200205Ia 4500
001 CTU_154846
008 210402s9999 xx 000 0 und d
020 |c 22000 
082 |a 639.3 
082 |b L550/T.2 
100 |a Ngô, Trọng Lư 
245 0 |a Kỹ thuật nuôi thuỷ đặc sản nước ngọt 
245 0 |c Ngô Trọng Lư, Thái Bá Hồ 
260 |a Hà Nội 
260 |b Nông nghiệp 
260 |c 2008 
520 |a Quyển sách giới thiệu đặc điểm sinh học và kỹ thuật nuôi một số loài thủy sản đang có thị trường lớn trong và ngoài nước như: cá Rô phi, cá chình nước ngọt, cá tai tượng, cá lăng vàng,... 
650 |a Freshwater fishes,Fish culture,Cá nước ngọt 
904 |i Năm 
980 |a Trung tâm Học liệu Trường Đại học Cần Thơ